[Event "Montreal Young Stars 2"]
[Site "Montreal"]
[Date "2017.12.17"]
[Round "7.10"]
[White "Chapdelaine, Gwyn"]
[Black "Rasmussen, Nicolas"]
[Result "0-1"]
[WhiteElo "1285"]
[BlackElo "1052"]
[PlyCount "100"]
[EventDate "2017.12.09"]
[EventType "swiss"]
[EventRounds "8"]
[EventCountry "CAN"]
[SourceTitle "EXT 2022"]
[Source "ChessBase"]
[SourceDate "2021.10.06"]
[SourceVersion "1"]
[SourceVersionDate "2021.10.06"]
[SourceQuality "1"]

1. e4 c6 2. d4 d5 3. e5 Bf5 4. Be3 e6 5. Nd2 Ne7 6. g3 Ng6 7. Bh3 Bxh3 8. Nxh3 Be7 9. c3 0-0 10. Nf4 Nxf4 11. Bxf4 Nd7 12. Qg4 f5 13. exf6 Rxf6 14. Be5 Nxe5 15. dxe5 Rg6 16. Qa4 Qb6 17. Qb3 Bc5 18. Qxb6 Bxb6 19. Rc1 Rg5 20. f4 Rf5 21. Rf1 Raf8 22. c4 g5 23. cxd5 cxd5 24. Nf3 gxf4 25. g4 R5f7 26. Rc2 h5 27. Ng5 Re7 28. gxh5 Rf5 29. Rg2 Rxe5+ 30. Kd1 Rg7 31. Nf3 Rxh5 32. Rxg7+ Kxg7 33. h4 e5 34. Nxe5 Rxe5 35. Rxf4 Re4 36. Rf5 Rxh4 37. Rxd5 Rd4+ 38. Rxd4 Bxd4 39. b3 Kf6 40. Kd2 Ke5 41. Kd3 Kd5 42. a3 a5 43. a4 Kc5 44. Kc2 Kb4 45. Kd3 Kxb3 46. Kxd4 Kxa4 47. Kc3 Ka3 48. Kc2 Ka2 49. Kc1 b5 50. Kc2 b4 0-1

[Event "Montreal Young Stars 2"]
[Site "Montreal"]
[Date "2017.12.10"]
[Round "4.5"]
[White "Rasmussen, Nicolas"]
[Black "Durette, Francis"]
[Result "0-1"]
[WhiteElo "1062"]
[BlackElo "1990"]
[PlyCount "70"]
[EventDate "2017.12.09"]
[EventType "swiss"]
[EventRounds "8"]
[EventCountry "CAN"]
[SourceTitle "EXT 2022"]
[Source "ChessBase"]
[SourceDate "2021.10.06"]
[SourceVersion "1"]
[SourceVersionDate "2021.10.06"]
[SourceQuality "1"]

1. e4 d6 2. d4 g6 3. f4 Bg7 4. Be3 Nf6 5. Nc3 Ng4 6. Qd2 Nc6 7. d5 Nb4 8. Bd3 c5 9. a3 Nxd3+ 10. Qxd3 Bd7 11. Nf3 a6 12. 0-0 0-0 13. h3 Nxe3 14. Qxe3 b5 15. e5 Rb8 16. Ne4 Qc7 17. c3 Rbc8 18. Nf2 Qb7 19. Rad1 a5 20. b3 b4 21. axb4 axb4 22. c4 Ra8 23. Ra1 Ra3 24. Rxa3 bxa3 25. Ra1 Ra8 26. Ne1 a2 27. Qc3 f6 28. Ned3 fxe5 29. fxe5 Bf5 30. Nxc5 dxc5 31. g4 Bb1 32. g5 Ra3 33. Ng4 Qxb3 34. Qxb3 Rxb3 35. Kf2 Rxh3 0-1